Statistics for Most Popular Chip Brands

Click here to take the quiz!

General Stats

  • This quiz has been taken 74 times
  • The average score is 7 of 12

Answer Stats

HintAnswer% Correct
4.Lay's
100%
1.Doritos
93%
2.Cheetos
77%
8.Fritos
74%
7.Pringles
68%
6.Ruffles
58%
9.Takis
58%
3.Tostitos
44%
10.Sun Chips
39%
5.Cape Cod
28%
11.Funyuns
26%
12.Popcihps
2%

Score Distribution

Percentile by Number Answered

Percent of People with Each Score

Your Score History

You have not taken this quiz